El sistema en la jurisprudencia /

Bibliographic Details
Main Author: Canaris, Claus-Wilhelm (Author)
Other Authors: García Amado, Juan Antonio (Translator)
Format: Electronic eBook
Language:Spanish
German
Published: Santiago, Chile : Ediciones Olejnik, [2023]
Series:Biblioteca de filosofía del derecho.
Subjects:
Online Access:Digitalia Hispánica

MARC

LEADER 00000nam a2200000Ii 4500
001 DIGOLEJNK1481
003 NyNyDIG
006 m o d
007 cr |||||||||||
008 250902s2023 cl ob 000 0 spa d
035 |a (OCoLC)1427225680 
040 |a DGITA  |b eng  |e rda  |e pn  |c DGITA 
041 1 |a spa  |h ger 
020 |z 9789564072869 
050 1 4 |a K232.S6 ebook 
100 1 |a Canaris, Claus-Wilhelm,  |e author. 
245 1 3 |a El sistema en la jurisprudencia /  |c Claus-Wilhelm Canaris ; traducción de Juan Antonio García Amado. 
264 1 |a Santiago, Chile :  |b Ediciones Olejnik,  |c [2023] 
300 |a 1 online resource. 
336 |a text  |b txt  |2 rdacontent 
337 |a computer  |b c  |2 rdamedia 
338 |a online resource  |b cr  |2 rdacarrier 
347 |a text file  |2 rdaft 
347 |b PDF 
490 1 |a Biblioteca de filosofía del derecho 
504 |a Includes bibliographical references. 
588 0 |a Online resource; title from PDF title page (Digitalia, viewed September 2, 2025) 
650 0 |a Law  |x Philosophy. 
700 1 |a García Amado, Juan Antonio,  |e translator. 
791 2 |a Digitalia (Firm),  |e distributor. 
793 0 |g Digitalia eBook Collection:  |a Ediciones Olejnik 
776 0 8 |i Print version:  |a Canaris, Claus-Wilhelm.  |t Sistema en la jurisprudencia.  |b Primera edición en Ediciones Olejnik.  |d Santiago, Chile : Ediciones Olejnik, 2023  |z 9789564072869 
830 0 |a Biblioteca de filosofía del derecho. 
856 4 0 |3 Digitalia Hispánica  |u https://www.digitaliapublishing.com/a/158000/ 
910 |a Premium collection: 2025